The Origin of Czechoslovakia in 1918
| Titel: | The Origin of Czechoslovakia in 1918 |
|---|---|
| Verfasser: | |
| In: |
Perspectives, Band 6-7 (1996), Seite 161-163 alle Artikel anzeigen |
| Veröffentlicht: | 1996 |
| Format: | Aufsatz |
| Sprache: | Englisch |
X
alg: 39505157 001A $01999:12-11-16 001B $01999:08-04-21 $t21:11:25.000 001C $06050:19-11-16 $t09:38:32.000 001D $01999:12-11-16 001U $0utf8 001X $00 002@ $0Aox 003@ $0395051576 007A $0395051576 $aHEB 007T $0Herd04320 010@ $aeng 011@ $a1996 021A $aThe @Origin of Czechoslovakia in 1918 028A $aŠtembera $dMilan 031A $d6-7 $h161-163 $j1996 039B $aIn $8--Abvc--. Perspectives. - Prague, 1993-2014. - ISSN 1210-762X $x199600000060000839 $9048646946 039T $8--Aau--. Vznik Československa 1918. - Praha, 1994. - 439 Seiten. - ISBN 80-85864-07-X $9046549897 045F $a900.9437109041 $eDDC23BSB 045F/01 $a900 045F/03 $f09041 045F/03 $f09042 045F/03 $f09043 045F/03 $g4371 045F/03 $g4373 045T $a3,6 lok: 39505157 78 exp: 39505157 78 1 #EPN 201B/01 $026-11-17 $t03:55:48.000 201U/01 $0utf8 203@/01 $0791350207 208@/01 $a12-11-16 $be 209A/01 $a/ $f000 $x00 220C/01 $aTitelaufnehmer: ej 244Z/01 $#Tschechien $#Tschechische Republik $#Tschechische Republik $#Tschechenland $#Tschechei Tschechien $#Česká Republika $#Czech Republic $#ČR $74303381-7 $8--Tg1--Tschechien $x01 $9086659812 244Z/01 $2Trx $#Böhmen $#Bohemia $#Czechy $8--Trx--Čechy $x02 $9391188941 244Z/01 $2Trx $#Slowakische Republik $#Szlovák Köztársaság $#Republika Słowacka $#Slovenská Republika $#Slovensko $#Slowakei $#Słowacja $#Slovensko $8--Trx--Slovenská Republika $x03 $9391345796 244Z/01 $aGeschichte 1918 $x04 244Z/01 $2Trx $#riiklus, Tšehhoslovakia $#Čekoslovakijos valstybingumas $#statehood, Czechoslovakian $#államiság, csehszlovák $#państwowość czechosłowacka $#štátnosť československá $#státnost československá $8--Trx--Staatlichkeit, tschechoslowakische $x05 $9391382586 244Z/01 $2Trx $#arvustused $#recenzijos $#Reviews $#recenziók $#recenzje $#recenzie $#recenze $8--Trx--Rezensionen $x06 $9391357441 245Z/01 $a06.04.02 $x01 247C/01 $82080>Marburg/Lahn, Herder-Institut, Forschungsbibliothek, Bibliographieportal $9336309341
| LEADER | 00000caa a22000002c 4500 | ||
|---|---|---|---|
| 001 | 395051576 | ||
| 003 | DE-603 | ||
| 005 | 20210408211125.0 | ||
| 007 | tu | ||
| 008 | 161112s1996 xx |||| | u00||u|eng c | ||
| 035 | |a (DE-599)HEB395051576 | ||
| 040 | |a DE-603 |b ger |c DE-603 |d DE-603 | ||
| 041 | |a eng | ||
| 082 | 0 | 4 | |8 1\u |a 900.9437109041 |q DE-101 |2 23/BSB |
| 084 | |a 3,6 |2 ssgn | ||
| 085 | |8 1\u |b 900 | ||
| 085 | |8 1\u |z 1 |s 09041 | ||
| 085 | |8 1\u |z 1 |s 09042 | ||
| 085 | |8 1\u |z 1 |s 09043 | ||
| 085 | |8 1\u |z 2 |s 4371 | ||
| 085 | |8 1\u |z 2 |s 4373 | ||
| 100 | 1 | |a Štembera, Milan | |
| 245 | 0 | 0 | |a The Origin of Czechoslovakia in 1918 |
| 264 | 0 | |c 1996 | |
| 773 | 0 | 8 | |i In |t Perspectives |d Prague, 1993-2014 |x 1210-762X |g Band 6-7 (1996), Seite 161-163 |w (DE-603)048646946 |w (DE-600)1188834-9 |
| 787 | 0 | 8 | |i Rezension von |t Vznik Československa 1918 |d Praha, 1994 |h 439 Seiten |z 808586407X |w (DE-603)046549897 |
| 924 | 0 | |9 2080 |a (DE-603)791350207 |b DE-2080 |c HES |d d |g / | |


